Second Largest City of Every Country in the World - Statistics

General Stats
  • This quiz has been taken 91 times
  • The average score is 57 of 193
Answer Stats
Country Capital City % Correct
Italy Milan
84%
France Marseille
83%
Germany Hamburg
79%
United States Los Angeles
79%
Spain Barcelona
78%
Portugal Porto
78%
China Shanghai
78%
United Kingdom Birmingham
76%
Brazil Rio de Janeiro
76%
Russia Saint Petersburg
75%
Greece Thessaloniki
75%
Australia Melbourne
73%
Japan Osaka
73%
Netherlands Rotterdam
73%
United Arab Emirates Abu Dhabi
71%
Turkey Ankara
71%
Ireland Cork
71%
Vietnam Hanoi
71%
Poland Krakow
71%
Canada Montréal
71%
Croatia Split
71%
Czech Republic Brno
70%
South Korea Busan
70%
India Delhi
70%
Switzerland Geneva
70%
Sweden Göteborg
70%
Norway Bergen
68%
Austria Graz
67%
Kazakhstan Astana
65%
South Africa Cape Town
65%
Israel Jerusalem
65%
Mexico Guadalajara
63%
Ukraine Kharkiv
63%
Denmark Aarhus
60%
Egypt Alexandria
60%
New Zealand Christchurch
60%
Saudi Arabia Jeddah
60%
Pakistan Lahore
60%
Colombia Medellín
60%
Ecuador Quito
59%
Belgium Gent
57%
Bulgaria Plovdiv
56%
Argentina Córdoba
54%
Indonesia Surabaya
52%
Finland Tampere
52%
Bangladesh Chittagong
51%
Albania Durrës
51%
Morocco Fez
51%
Belarus Gomel
51%
Kenya Mombasa
51%
Estonia Tartu
51%
Syria Damascus
49%
Lithuania Kaunas
49%
Nigeria Kano
48%
Bosnia and Herzegovina Banja Luka
46%
Hungary Debrecen
46%
Slovakia Košice
46%
Serbia Novi Sad
46%
Moldova Tiraspol
46%
Romania Cluj-Napoca
44%
Slovenia Maribor
43%
Cameroon Yaoundé
43%
Belize Belmopan
40%
Philippines Cebu
40%
Venezuela Maracaibo
40%
Algeria Oran
40%
Bolivia Santa Cruz
40%
Liechtenstein Vaduz
40%
Cyprus Nicosia
38%
Yemen Aden
35%
Libya Benghazi
35%
Latvia Daugavpils
35%
Lebanon Tripoli
35%
Iceland Keflavik
33%
Ghana Kumasi
33%
Benin Porto-Novo
33%
Georgia Batumi
32%
Afghanistan Herat
32%
Chile Valparaíso
32%
Togo Kara
30%
Myanmar Mandalay
30%
Peru Arequipa
29%
Luxembourg Esch-sur-Alzette
29%
Democratic Republic of the Congo Lubumbashi
29%
Iran Mashhad
29%
Cuba Santiago de Cuba
29%
Dominican Republic Santiago de los Caballeros
29%
Tunisia Sfax
29%
Panama Colón
27%
Equatorial Guinea Malabo
27%
Iraq Mosul
27%
Kyrgyzstan Osh
27%
Honduras San Pedro Sula
27%
Burundi Gitega
25%
Kosovo Prizren
22%
Botswana Francistown
21%
Taiwan Taichung
21%
Malaysia Johor Bahru
19%
Cambodia Siem Reap
19%
Zimbabwe Bulawayo
17%
Mongolia Erdenet
17%
Armenia Gyumri
17%
Somalia Hargeisa
17%
Republic of the Congo Pointe-Noire
17%
Jamaica Portmore
17%
Malta Birkirkara
16%
Malawi Blantyre
16%
Paraguay Ciudad del Este
16%
Azerbaijan Ganja
16%
Montenegro Nikšić
16%
Nepal Pokhara
16%
Oman Salalah
16%
Uruguay Salto
16%
North Korea Hamhung
14%
Papua New Guinea Lae
14%
Nicaragua León
14%
El Salvador Santa Ana
14%
Bahamas Freeport
13%
North Macedonia Kumanovo
13%
Gabon Port-Gentil
13%
Senegal Touba
13%
Turkmenistan Türkmenabat
13%
Ethiopia Gondar
11%
Zambia Kitwe
11%
Vanuatu Luganville
11%
Federated States of Micronesia Palikir
11%
Burkina Faso Bobo-Dioulasso
10%
Andorra Escaldes-Engordany
10%
Tanzania Mwanza
10%
Mozambique Nampula
10%
Mauritania Nouadhibou
10%
Central African Republic Bimbo
8%
San Marino Borgo Maggiore
8%
Chad Moundou
8%
Uzbekistan Namangan
8%
Madagascar Toamasina
8%
Jordan Zarqa
8%
Antigua and Barbuda All Saints
6%
Ivory Coast Bouaké
6%
Gambia Brikama
6%
Eritrea Keren
6%
Angola Lubango
6%
Guinea Nzérékoré
6%
Bhutan Phuntsholing
6%
South Sudan Wau
6%
East Timor Baucau
5%
Guatemala Cobán
5%
Haiti Gonaïves
5%
Costa Rica Heredia
5%
Sierra Leone Kenema
5%
Tajikistan Khujand
5%
Suriname Lelydorp
5%
Eswatini Manzini
5%
Bahrain Muharraq
5%
Sudan Nyala
5%
Dominica Portsmouth
5%
Barbados Speightstown
5%
Djibouti Ali-Sabieh
3%
Qatar Al Rayyan
3%
Fiji Lautoka
3%
Guyana Linden
3%
Namibia Rundu
3%
Trinidad and Tobago San Fernando
3%
Laos Savannakhet
3%
Mali Sikasso
3%
Maldives Addu City
2%
Palau Airai
2%
Kuwait Al Jahra
2%
Saint Kitts and Nevis Charlestown
2%
Comoros Fomboni
2%
Liberia Gbarnga
2%
Rwanda Gisenyi
2%
Grenada Grenville
2%
Brunei Kuala Belait
2%
Niger Maradi
2%
Cape Verde Mindelo
2%
Sri Lanka Negombo
2%
Tuvalu Asau
0%
Solomon Islands Auki
0%
Saint Lucia Bexon
0%
Saint Vincent and the Grenadines Calliaqua
0%
Seychelles Cascade
0%
Marshall Islands Ebeye
0%
Guinea-Bissau Gabu
0%
Thailand Hat Yai
0%
Lesotho Maputsoe
0%
Uganda Mbarara
0%
Nauru Meneng
0%
Tonga Neiafu
0%
São Tomé and Príncipe Neves
0%
Kiribati Tabwakea
0%
Mauritius Vacoas-Phoenix
0%
Samoa Vaitele
0%
No matching quizzes found
Score Distribution
Percent of People with Each Score
Percentile by Number Answered
Your Score History
You have not taken this quiz